000 005970000a22001930004500
999 _c54201
_d54201
001 768714001
003 CO-MdFUSB
005 20170814120632.0
008 170814s2001 xxu||||| |||| 00| 0 eng d
022 _a0098-9444
040 _aCO-MdFUSB
_bspa
_cCO-MdFUSB
_dCO-MdFUSB
041 _aeng
100 1 _aAvner, Uzi
_eautor
245 1 0 _aSacred stones in the desert
300 _aVolumen 27. Número 3 (2001),Páginas 30-41
_c28 cm.
546 _aTexto en inglés
773 0 _tBiblical Archaeology Review
_049395
_959468
_gVolumen 27. Número 3 (2001), Páginas 30-41
_qPágina 30
942 _cANA